| Tag |
First Indicator |
Second Indicator |
Subfields |
| LEADER |
00000cam a2200000 4500 |
| 001 |
in00000040734 |
| 005 |
20151007064635.0 |
| 008 |
760311s1947 nyu b 00000 eng |
| 010 |
|
|
|a 47007821
|
| 035 |
|
|
|a (OCoLC)02043065
|
| 035 |
|
|
|9 AAE0290AM
|
| 040 |
|
|
|a DLC
|c SPI
|d TXA
|d UtOrBLW
|
| 049 |
|
|
|a TXAM
|c 1 [213672]
|
| 050 |
0 |
0 |
|a HV7923
|b .P4
|
| 082 |
0 |
|
|a 351.3
|
| 092 |
|
|
|a 351.3
|b P451p
|
| 100 |
1 |
|
|a Perkins, Rollin Morris,
|d 1889-
|
| 245 |
1 |
0 |
|a Police examinations.
|
| 264 |
|
1 |
|a Brooklyn :
|b Foundation Press,
|c 1947.
|
| 300 |
|
|
|a xiii, 495 pages :
|b diagrams ;
|c 24 cm.
|
| 336 |
|
|
|a text
|b txt
|2 rdacontent
|
| 337 |
|
|
|a unmediated
|b n
|2 rdamedia
|
| 338 |
|
|
|a volume
|b nc
|2 rdacarrier
|
| 490 |
1 |
|
|a Police science series
|
| 504 |
|
|
|a Bibliographical footnotes.
|
| 650 |
|
0 |
|a Police
|v Examinations, questions, etc.
|
| 830 |
|
0 |
|a Police science series (Foundation Press)
|
| 999 |
|
|
|a MARS
|
| 999 |
f |
f |
|s e844d513-315f-3f83-ae45-5afb41bed3cb
|i f928f5e4-90ad-3908-a3af-4961a3b562bb
|t 0
|
| 952 |
f |
f |
|p ric
|a Texas A&M University
|b Rellis Campus
|c Joint Library Facility
|d Remote Storage
|t 0
|e HV7923 .P4
|h Library of Congress classification
|i unmediated -- volume
|m A14800794282
|
| 998 |
f |
f |
|a HV7923 .P4
|t 0
|l Remote Storage
|